Hétszáz néptáncos Szegeden Ma kezdődik a nemzetközi fesztivál /
Elmentve itt :
| Szerző: | |
|---|---|
| Dokumentumtípus: | Cikk |
| Megjelent: |
1979-07-14
|
| Sorozat: | Délmagyarország
69 No. 163 |
| Kulcsszavak: | néptáncfesztivál |
| Online Access: | http://dmarchiv.bibl.u-szeged.hu/120958 |
| LEADER | 00502nab a2200157 i 4500 | ||
|---|---|---|---|
| 001 | delm120958 | ||
| 005 | 20190523105046.0 | ||
| 008 | 190523s1979 hu o 0|| hun d | ||
| 040 | |a SZTE Délmagyarország Archívum |b hun | ||
| 041 | |a hun | ||
| 100 | 1 | |a Sulyok Erzsébet | |
| 245 | 1 | 0 | |a Hétszáz néptáncos Szegeden |h [elektronikus dokumentum] : |b Ma kezdődik a nemzetközi fesztivál / |c Sulyok Erzsébet |
| 260 | |c 1979-07-14 | ||
| 300 | |a 5 | ||
| 490 | 0 | |a Délmagyarország |v 69 No. 163 | |
| 695 | |a néptáncfesztivál | ||